LEADER 01467nam a2200277 u 4500 001 000000028791 003 CaOOAMICUS 005 20070226111837.0 008 961021s1911 gw u000 u ger u 035 $a10744129 040 $aIPA$bita 041 0 $ager$alat$agrc 100 1 $aSchmidtke, Alfred.$0(OLS)http://pul/name/23381 245 10$aNeue Fragmente und Untersuchungen zu den judenchristlichen Evangelien :$bein Beitrag zur Literatur und Geschichte der Judenchristen /$cvon Alfred Schmidtke. 260 $aLeipzig :$bJ.C. Hinrichs,$c1911. 300 $aviii, 302 p. ;$c23 cm 490 1 $aTexte und Untersuchungen zur Geschichte der altchristlichen Literatur ;$vBd. 37, Hft. 1 (Reihe 3, Bd. 7, Hft. 1) 630 04$aApocrypha.$pN.T.$0(OLS)http://pul/subject/12281 650 4$aGiudeocristiani.$0(OLS)http://pul/subject/5945 830 0$aTexte und Untersuchungen zur Geschichte der altchristlichen Literatur ;$vBd. 37, Hft. 1 (Reihe 3, Bd. 7, Hft. 1).$0(OLS)http://pul/title/1074 850 $aPUL 852 $aPUL$W1$xSL Religione 1$y3$m24 I 37(Int.1)$j39956$nBK-PRI$b $qStampati$B39956$CPULBib$Z2$F39956 $H $81 941 1 $a8 960 $aVangeli apocrifi$912281 996 $6245$aNeue Fragmente und Untersuchungen zu den judenchristlichen Evangelien :$bein Beitrag zur Literatur und Geschichte der Judenchristen$9(OLS)http://pul/title/39306 996 $6260$aLeipzig :$bJ.C. Hinrichs$9(OLS)http://pul/publisher/48175 LEADER 01411nam a2200289 u 4500 001 000000045900 003 CaOOAMICUS 005 20070226114720.0 008 990617n enk u000 u eng u 035 $a10827303 040 $aPUL(R)$bita 100 1 $aGeorge, Henry,$d1839-1897.$0(OLS)http://pul/name/4403 245 14$aThe condition of labour :$ban open letter to pope Leo XIII /$cby George Henry ; with appendices containing the encyclical of pope Leo XIII on the condition of labour , Dr. Edward McGlynn's Statement and bishop Nulty's essay on the land question. 260 $aLondon :$bLand & Liberty press,$c[s.d.] 300 $ax, 158 p. ;$c18 cm 500 $a"Index": pp. 153-158. 650 4$aLavoro$xAspetti economici e sociali.$0(OLS)http://pul/subject/1142 700 1 $aMcGlynn, Edward.$0(OLS)http://pul/name/33439 710 2 $aPapi (1878-1903 : Leo PP. XIII).$0(OLS)http://pul/name/1187 850 $aPUL 852 $aPUL$W1$xDP1 Cons. Gen., Altre Classi 1$y22$m43 F 22$j61604$nBK-PRI$b $qStampati$B61604$CPULBib$Z2$F61604 $H $81 900 $aLeo PP.$bXIII,$d1810-1903$91187 900 $aLeo PP.$bXIII,$d1810-1903$91187 941 1 $a8 961 $aINV: 60337 996 $6245$aThe condition of labour :$ban open letter to pope Leo XIII$9(OLS)http://pul/title/61900 996 $6260$aLondon :$bLand & Liberty press$9(OLS)http://pul/publisher/66285